[Event "TUR-chT Superleague 2018"]
[Site "Ankara"]
[Date "2018.08.04"]
[Round "12"]
[White "Haznedaroglu, Kivanc"]
[Black "Mchedlishvili, Mikheil"]
[Result "0-1"]
[WhiteElo "2458"]
[BlackElo "2608"]
[Annotator "ChessBase"]
[PlyCount "220"]
[EventDate "2018.07.25"]
[EventType "team-tourn"]
[EventCountry "TUR"]
[SourceTitle "playchess.com"]
[Source "ChessBase"]
[SourceQuality "1"]

1. e4 c5 2. Na3 b6 3. g3 Bb7 4. Bg2 Nf6 5. d3 g6 6. f4 Bg7 7. Nf3 O-O 8. O-O d6 9. c3 Nbd7 10. h3 a6 11. Qe2 b5 12. Kh2 Qc7 13. Be3 Rae8 14. Rae1 e5 15. fxe5 Nxe5 16. Nxe5 Rxe5 17. Qd2 Re6 18. Nc2 Rfe8 19. Bh6 Bh8 20. Rf2 Nd7 21. Ref1 Rf6 22. Ne3 Rxf2 23. Qxf2 Ne5 24. d4 Nd3 25. Qd2 c4 26. Ng4 Bxe4 27. Qg5 f5 28. Bxe4 Rxe4 29. Rxf5 Re8 30. Rf6 Re2+ 31. Kg1 Bxf6 32. Nxf6+ Kf7 33. Qd5+ Kxf6 34. Qf3+ Ke7 35. Qxe2+ Kd7 36. Bg5 Kc8 37. Qe4 Kb8 38. Qd5 Ka7 39. Qe6 d5 40. Kg2 Nxb2 41. Be7 Na4 42. Bd6 Qb7 43. Kf3 a5 44. a3 Qc6 45. Ke3 Ka6 46. Qe7 b4 47. axb4 Nxc3 48. Bc5 Nb5 49. bxa5 Kxa5 50. Kd2 h5 51. Kc2 Nc7 52. Kc3 Ka6 53. g4 hxg4 54. hxg4 Kb7 55. Qf7 Qe6 56. Qf3 Kc6 57. Kd2 Qe4 58. Qf6+ Ne6 59. Qe7 Nxc5 60. Qxc5+ Kd7 61. Qb6 Qf4+ 62. Kc2 Qe4+ 63. Kc1 Qe3+ 64. Kc2 Qd3+ 65. Kc1 Qc3+ 66. Kb1 Qe1+ 67. Kc2 Qe2+ 68. Kc1 Qe6 69. Qb7+ Ke8 70. Kd2 Qe4 71. Qa7 Kf8 72. Kc3 Qe3+ 73. Kc2 Qe4+ 74. Kc3 Kg8 75. Kb4 Qe1+ 76. Kc5 Qe6 77. Qc7 Kf8 78. Qf4+ Kg7 79. Qc7+ Kh6 80. Qf4+ g5 81. Qf8+ Kg6 82. Qd8 Kf7 83. Qh8 Ke7 84. Qb8 c3 85. Kb4 c2 86. Qc7+ Kf6 87. Qxc2 Qxg4 88. Qc6+ Qe6 89. Qa8 g4 90. Qb8 Qe7+ 91. Kb5 Kf5 92. Kc6 Qe4 93. Kc5 Kg5 94. Qg3 Qf4 95. Qe1 g3 96. Qe7+ Kg4 97. Qe2+ Qf3 98. Qe6+ Qf5 99. Qe2+ Kh3 100. Qe3 Qe4 101. Qh6+ Kg4 102. Qg7+ Kf3 103. Qf7+ Ke3 104. Qg7 g2 105. Qg3+ Ke2 106. Kc6 Kf1 107. Qh3 Kf2 108. Qh2 Qxd4 109. Kd6 Qg4 110. Kxd5 Kf1 0-1

[Event "TUR-chT Superleague 2018"]
[Site "Ankara"]
[Date "2018.08.04"]
[Round "12"]
[White "Ivic, Velimir"]
[Black "Koksal, Ege"]
[Result "1-0"]
[WhiteElo "2456"]
[BlackElo "2381"]
[Annotator "TA"]
[PlyCount "83"]
[EventDate "2018.07.25"]
[EventType "team-tourn"]
[EventCountry "TUR"]
[SourceTitle "playchess.com"]
[Source "ChessBase"]
[SourceQuality "1"]

1. e4 e5 2. Nf3 Nf6 3. d4 Nxe4 4. dxe5 d5 5. Nbd2 Nxd2 6. Qxd2 Bg4 7. Qf4 Qd7 8. Be3 c5 9. O-O-O Nc6 10. h3 Be6 11. Kb1 O-O-O 12. Bb5 a6 13. Bxc6 Qxc6 14. Ng5 Be7 15. Nxe6 fxe6 16. Qf7 Bf8 17. Qf3 Be7 18. c4 d4 19. Qxc6+ bxc6 20. Bc1 Rhf8 21. f4 h6 22. Rhf1 g5 23. Kc2 gxf4 24. Bxf4 Bg5 25. Bxg5 hxg5 26. Kd3 Rf5 27. Rxf5 exf5 28. Rf1 f4 29. Rf3 Kd7 30. Ke4 Ke6 31. Ra3 d3 32. Rxd3 Rxd3 33. Kxd3 Kxe5 34. Ke2 Ke4 35. Kf2 a5 36. b3 Kd4 37. Kf3 a4 38. Kg4 Kc3 39. Kxg5 a3 40. h4 Kb2 41. h5 Kxa2 42. h6 1-0

[Event "TUR-chT Superleague 2018"]
[Site "Ankara"]
[Date "2018.08.04"]
[Round "12"]
[White "Badelka, Olga"]
[Black "Atalik, Ekaterina"]
[Result "1-0"]
[WhiteElo "2416"]
[BlackElo "2461"]
[Annotator "TA"]
[PlyCount "93"]
[EventDate "2018.07.25"]
[EventType "team-tourn"]
[EventCountry "TUR"]
[SourceTitle "playchess.com"]
[Source "ChessBase"]
[SourceQuality "1"]

1. c4 e5 2. g3 Nf6 3. Bg2 d5 4. cxd5 Nxd5 5. Nc3 Nb6 6. Nf3 Nc6 7. O-O Be7 8. a3 O-O 9. b4 Be6 10. Rb1 f6 11. d3 a5 12. b5 Nd4 13. Nd2 Nd5 14. Bxd5 Bxd5 15. e3 Nxb5 16. Nxb5 Ba2 17. Rb2 Be6 18. a4 c6 19. Nc3 Qxd3 20. Qc2 Qxc2 21. Rxc2 Rfb8 22. Ncb1 Bb4 23. Ba3 c5 24. Nc4 Rd8 25. f3 Rd3 26. Bxb4 cxb4 27. Rfc1 Rad8 28. Kf2 b3 29. Rb2 Rd1 30. Rxd1 Rxd1 31. Nbd2 Ra1 32. Nxa5 Ra2 33. Rxa2 bxa2 34. Nab3 b6 35. Ke2 Bd7 36. Kd3 Bxa4 37. Kc3 g5 38. Kb2 Kg7 39. Kxa2 Kg6 40. Kb2 Bc6 41. Kc3 h5 42. Nc1 h4 43. g4 f5 44. Nd3 Kf6 45. gxf5 Kxf5 46. e4+ Kf6 47. Nf2 1-0

[Event "TUR-chT Superleague 2018"]
[Site "Ankara"]
[Date "2018.08.04"]
[Round "12"]
[White "Shuvalova, Polina"]
[Black "Can, Isil"]
[Result "1-0"]
[WhiteElo "2413"]
[BlackElo "1862"]
[Annotator "TA"]
[PlyCount "53"]
[EventDate "2018.07.25"]
[EventType "team-tourn"]
[EventCountry "TUR"]
[SourceTitle "playchess.com"]
[Source "ChessBase"]
[SourceQuality "1"]

1. e4 e5 2. Nf3 Nc6 3. Bb5 a6 4. Ba4 Nf6 5. O-O Be7 6. Re1 b5 7. Bb3 d6 8. c3 O-O 9. h3 Na5 10. Bc2 c5 11. d4 Qc7 12. d5 Bd7 13. b3 c4 14. b4 Nb7 15. a4 a5 16. axb5 axb4 17. Rxa8 Rxa8 18. cxb4 Bxb5 19. Re3 Nd7 20. Ra3 Nb6 21. Rxa8+ Nxa8 22. Be3 Nd8 23. Nc3 Qb7 24. Qa1 Nc7 25. Qa5 Qb8 26. Bb6 Nb7 27. Bxc7 1-0

[Event "TUR-chT Superleague 2018"]
[Site "Ankara"]
[Date "2018.08.04"]
[Round "12"]
[White "Szczepkowska, Karina"]
[Black "Savina, Anastasia"]
[Result "0-1"]
[WhiteElo "2404"]
[BlackElo "2334"]
[Annotator "NA"]
[PlyCount "114"]
[EventDate "2018.07.25"]
[EventType "team-tourn"]
[EventCountry "TUR"]
[SourceTitle "playchess.com"]
[Source "ChessBase"]
[SourceQuality "1"]

1. d4 d5 2. Nf3 Nf6 3. c4 dxc4 4. e3 e6 5. Bxc4 c5 6. O-O a6 7. a4 Nc6 8. Qe2 cxd4 9. Rd1 Bd6 10. exd4 O-O 11. Nc3 h6 12. Bb3 Bd7 13. h3 Qc7 14. Ne4 Nxe4 15. Qxe4 Na5 16. Ba2 Rac8 17. Bd2 Nc4 18. Bc3 Bc6 19. d5 Bxd5 20. Rxd5 exd5 21. Qd4 f6 22. Qxd5+ Kh8 23. Nh4 Rfd8 24. Qe4 Be5 25. Ng6+ Kg8 26. Re1 Bxc3 27. bxc3 Re8 28. Qd5+ Kh7 29. Rf1 Ne5 30. Nxe5 Rxe5 31. Bb1+ Kh8 32. Qf3 Qxc3 33. Qxb7 Re1 34. Rxe1 Qxe1+ 35. Kh2 Qe5+ 36. g3 Rb8 37. Qxa6 Qb2 38. Be4 Qxf2+ 39. Bg2 f5 40. Qc4 Rb1 41. h4 Rb2 42. Qd5 Qe2 43. Qc6 Qe4 44. Kh3 Qg4+ 45. Kh2 Ra2 46. Qe6 Ra3 47. Qe5 Ra2 48. Qe6 Re2 49. Qc6 Rf2 50. Qe8+ Kh7 51. h5 Re2 52. Qc6 Qxh5+ 53. Kg1 Re1+ 54. Bf1 Qd1 55. Qb5 Qf3 56. a5 Qxg3+ 57. Kh1 Qf2 0-1

[Event "TUR-chT Superleague 2018"]
[Site "Ankara"]
[Date "2018.08.04"]
[Round "12"]
[White "Yurtseven, Melih"]
[Black "Soysal, Serkan"]
[Result "1/2-1/2"]
[WhiteElo "2404"]
[BlackElo "2402"]
[Annotator "NA"]
[PlyCount "68"]
[EventDate "2018.07.25"]
[EventType "team-tourn"]
[EventCountry "TUR"]
[SourceTitle "playchess.com"]
[Source "ChessBase"]
[SourceQuality "1"]

1. d4 Nf6 2. c4 e6 3. Nf3 b6 4. g3 Bb7 5. Bg2 Be7 6. O-O O-O 7. Nc3 Na6 8. b3 Ne4 9. Bb2 Bf6 10. Rc1 c5 11. dxc5 bxc5 12. Ne1 Bxc3 13. Bxc3 Nxc3 14. Rxc3 Qc7 15. Bxb7 Qxb7 16. Rd3 Rfd8 17. Rd6 Nb8 18. Nd3 Qc7 19. Ne5 Nc6 20. Nxc6 dxc6 21. Rxd8+ Rxd8 22. Qc1 Qd6 23. Qa3 Qe7 24. Qc1 Qd6 25. Qa3 Rd7 26. Rb1 h5 27. h4 Kh7 28. b4 cxb4 29. Qxb4 Qe5 30. Qb2 Qe4 31. Rc1 Kg6 32. Qc2 Qxc2 33. Rxc2 Kf5 34. Kg2 e5 1/2-1/2

[Event "TUR-chT Superleague 2018"]
[Site "Ankara"]
[Date "2018.08.04"]
[Round "12"]
[White "Buksa, Nataliya"]
[Black "Mammadzada, Gunay"]
[Result "1/2-1/2"]
[WhiteElo "2376"]
[BlackElo "2426"]
[Annotator "NA RC"]
[PlyCount "71"]
[EventDate "2018.07.25"]
[EventType "team-tourn"]
[EventCountry "TUR"]
[SourceTitle "playchess.com"]
[Source "ChessBase"]
[SourceQuality "1"]

1. e4 c5 2. Nf3 d6 3. d4 cxd4 4. Nxd4 Nf6 5. Nc3 a6 6. Be2 e5 7. Nb3 Be7 8. Bg5 Be6 9. Bxf6 Bxf6 10. Qd3 Be7 11. O-O-O Nd7 12. g3 O-O 13. f4 b5 14. Kb1 Rb8 15. f5 Bc4 16. Qf3 Nb6 17. Nd5 Nxd5 18. exd5 Qc7 19. Nd2 Rfc8 20. Bxc4 bxc4 21. Qc3 Rb5 22. Ne4 Qb7 23. f6 gxf6 24. Rhf1 Rxd5 25. Qf3 c3 26. b3 Rxd1+ 27. Rxd1 Kg7 28. Qg4+ Kh8 29. Qf5 Rc6 30. Nxf6 Bxf6 31. Qxf6+ Kg8 32. Qg5+ Kf8 33. Qd8+ Kg7 34. Qg5+ Kf8 35. Qd8+ Kg7 36. Qg5+ 1/2-1/2

[Event "TUR-chT Superleague 2018"]
[Site "Ankara"]
[Date "2018.08.04"]
[Round "12"]
[White "Kerigan, Demre"]
[Black "Ozkan, Ervin"]
[Result "1-0"]
[WhiteElo "2366"]
[BlackElo "2168"]
[Annotator "NA"]
[PlyCount "83"]
[EventDate "2018.07.25"]
[EventType "team-tourn"]
[EventCountry "TUR"]
[SourceTitle "playchess.com"]
[Source "ChessBase"]
[SourceQuality "1"]

1. e4 e5 2. Bc4 Nc6 3. d3 Nf6 4. Nc3 Na5 5. Nge2 Bc5 6. O-O O-O 7. a4 Nxc4 8. dxc4 h6 9. Qd3 d6 10. Be3 Be6 11. b3 c6 12. Rad1 Qc7 13. h3 Rad8 14. f4 Qb6 15. Bxc5 Qxc5+ 16. Kh1 exf4 17. Nxf4 Nh5 18. Nxh5 Qxh5 19. Rd2 Qe5 20. Qd4 Qxd4 21. Rxd4 Rd7 22. Ne2 f5 23. exf5 Rxf5 24. Rfd1 Rf2 25. R1d2 d5 26. Kg1 Rdf7 27. cxd5 Bxd5 28. Nc3 Rf1+ 29. Kh2 Be6 30. Ne4 R1f4 31. c4 Rf8 32. Nc5 Rxd4 33. Rxd4 Bc8 34. a5 Kf7 35. Nxb7 Ke7 36. Nc5 Rf2 37. Kg3 Ra2 38. b4 Rb2 39. Nd3 Rd2 40. Ne5 Rxd4 41. Nxc6+ Kd6 42. Nxd4 1-0

[Event "TUR-chT Superleague 2018"]
[Site "Ankara"]
[Date "2018.08.04"]
[Round "12"]
[White "Mamedjarova, Zeinab"]
[Black "Injac, Teodora"]
[Result "1/2-1/2"]
[WhiteElo "2345"]
[BlackElo "2271"]
[Annotator "NA"]
[PlyCount "96"]
[EventDate "2018.07.25"]
[EventType "team-tourn"]
[EventCountry "TUR"]
[SourceTitle "playchess.com"]
[Source "ChessBase"]
[SourceQuality "1"]

1. d4 Nf6 2. Nf3 g6 3. Nbd2 d5 4. g3 Bg7 5. Bg2 c5 6. e3 O-O 7. O-O cxd4 8. exd4 Nc6 9. c3 Bg4 10. h3 Bxf3 11. Nxf3 e6 12. a4 Rc8 13. Re1 a6 14. Bf4 Nh5 15. Bg5 Qc7 16. b4 Nb8 17. Rc1 Nd7 18. a5 b6 19. axb6 Nxb6 20. Nd2 h6 21. Bh4 Rfe8 22. Bf1 Ra8 23. Be2 Nf6 24. g4 a5 25. Bg3 Qe7 26. bxa5 Rxa5 27. Qb3 Nfd7 28. Qb2 Rea8 29. Ra1 Rxa1 30. Rxa1 Rxa1+ 31. Qxa1 e5 32. Bf1 exd4 33. cxd4 Qb4 34. Nf3 Nf8 35. Qa7 Nbd7 36. Qa8 Nf6 37. Qd8 Qb7 38. Be5 Ne4 39. Bd3 Qb2 40. Bxe4 dxe4 41. Bxg7 Kxg7 42. Ne5 Ne6 43. Qe7 Qc1+ 44. Kg2 Qf4 45. Qa7 Ng5 46. Qa3 Nf3 47. Nxf3 exf3+ 48. Qxf3 Qxd4 1/2-1/2

[Event "TUR-chT Superleague 2018"]
[Site "Ankara"]
[Date "2018.08.04"]
[Round "12"]
[White "Unuk, Laura"]
[Black "Muzychuk, Mariya"]
[Result "1/2-1/2"]
[WhiteElo "2340"]
[BlackElo "2528"]
[Annotator "TA"]
[PlyCount "61"]
[EventDate "2018.07.25"]
[EventType "team-tourn"]
[EventCountry "TUR"]
[SourceTitle "playchess.com"]
[Source "ChessBase"]
[SourceQuality "1"]

1. Nf3 g6 2. c4 Bg7 3. Nc3 e5 4. d4 exd4 5. Nxd4 Nc6 6. Nxc6 bxc6 7. Be3 Nf6 8. g3 O-O 9. Bg2 d5 10. O-O Be6 11. Bd4 Rb8 12. cxd5 cxd5 13. Na4 a5 14. Nc5 Bf5 15. Rc1 Re8 16. e3 c6 17. Qa4 Ne4 18. Bxg7 Kxg7 19. Nxe4 Bxe4 20. Qxc6 Bxg2 21. Kxg2 Rxb2 22. Qc3+ Qf6 23. Qxa5 Rxe3 24. Qxd5 Ree2 25. Qf3 Rxa2 26. Qxf6+ Kxf6 27. h4 h5 28. Rce1 Rac2 29. Rxe2 Rxe2 30. Kf3 Rc2 31. Ke4 1/2-1/2

[Event "TUR-chT Superleague 2018"]
[Site "Ankara"]
[Date "2018.08.04"]
[Round "12"]
[White "Ozturk, Kubra"]
[Black "Yildiz Kadioglu, Betul Cemre"]
[Result "1/2-1/2"]
[WhiteElo "2330"]
[BlackElo "2295"]
[Annotator "NA"]
[PlyCount "63"]
[EventDate "2018.07.25"]
[EventType "team-tourn"]
[EventCountry "TUR"]
[SourceTitle "playchess.com"]
[Source "ChessBase"]
[SourceQuality "1"]

1. d4 d5 2. c4 e6 3. Nf3 Nf6 4. g3 Bb4+ 5. Bd2 Bd6 6. Bg2 O-O 7. O-O Nbd7 8. Qc2 c6 9. b3 Ne4 10. Nc3 Nxd2 11. Nxd2 f5 12. Nf3 Nf6 13. e3 b6 14. Ne2 Bb7 15. Nf4 Qe7 16. a4 c5 17. a5 Rac8 18. axb6 axb6 19. Ra7 Rc7 20. Ne5 g5 21. Nfd3 Ra8 22. Rfa1 Rxa7 23. Rxa7 Rc8 24. Qa2 Bb8 25. Ra4 Bd6 26. f3 Qg7 27. Qd2 Qe7 28. Ra7 Bb8 29. Ra1 Bd6 30. Ra7 Bb8 31. Ra1 Bd6 32. Ra7 1/2-1/2

[Event "TUR-chT Superleague 2018"]
[Site "Ankara"]
[Date "2018.08.04"]
[Round "12"]
[White "Selbes, Tarik"]
[Black "Solak, Dragan"]
[Result "1/2-1/2"]
[WhiteElo "2330"]
[BlackElo "2603"]
[Annotator "ChessBase"]
[PlyCount "175"]
[EventDate "2018.07.25"]
[EventType "team-tourn"]
[EventCountry "TUR"]
[SourceTitle "playchess.com"]
[Source "ChessBase"]
[SourceQuality "1"]

1. Nf3 Nf6 2. g3 g6 3. Bg2 Bg7 4. O-O O-O 5. c4 d6 6. d4 Nbd7 7. Nc3 e5 8. e4 c6 9. h3 a6 10. Re1 Re8 11. Rb1 Qc7 12. Be3 b6 13. a3 exd4 14. Nxd4 Bb7 15. Qc2 Re7 16. g4 h6 17. Rbd1 Rae8 18. Qd2 c5 19. Ndb5 axb5 20. Nxb5 Qb8 21. Nxd6 Bxe4 22. Bf4 Bxg2 23. Nxe8 Qxe8 24. Kxg2 Ne4 25. Qc2 Bd4 26. f3 Ng5 27. Qd2 Nf6 28. h4 Nxf3 29. Kxf3 Qc6+ 30. Kg3 Ne4+ 31. Rxe4 Qxe4 32. Rf1 Be5 33. Rf3 Bxf4+ 34. Qxf4 Qe1+ 35. Rf2 Qg1+ 36. Kh3 Qh1+ 37. Kg3 Qg1+ 38. Kh3 Rd7 39. Qf3 Qc1 40. Qe4 Kg7 41. h5 Qg5 42. hxg6 fxg6 43. Qf3 Kh7 44. Re2 Qc1 45. b3 Qxa3 46. Re6 Qa7 47. Qe4 Rg7 48. Kg3 Qb8+ 49. Kh3 Qd8 50. Kg3 Qd7 51. Kh3 b5 52. Qd5 Qxd5 53. cxd5 Rd7 54. Rb6 b4 55. d6 Kg7 56. Rc6 Kf6 57. Kh4 Kf7 58. Rc7 Ke6 59. Rxc5 Rxd6 60. Rc4 Rb6 61. Kg3 Ke5 62. Kf3 Kd5 63. Ke3 Rb8 64. Kd3 Ke5 65. Ke3 Rb6 66. Kf3 Kd5 67. Kf4 Rb7 68. Kf3 Rb8 69. Kf4 Rb6 70. Kf3 Ke5 71. Ke3 g5 72. Rc5+ Kf6 73. Rc8 Re6+ 74. Kf3 Ke5 75. Rc5+ Kf6 76. Rb5 Rc6 77. Rxb4 Rc3+ 78. Ke4 Rg3 79. Rb6+ Kg7 80. Kf5 Rf3+ 81. Ke5 Rf4 82. Rb7+ Kf8 83. Rh7 Rxg4 84. Rxh6 Rb4 85. Rg6 Rxb3 86. Rxg5 Rb5+ 87. Kf4 Rxg5 88. Kxg5 1/2-1/2

[Event "TUR-chT Superleague 2018"]
[Site "Ankara"]
[Date "2018.08.04"]
[Round "12"]
[White "Ozenir, Ekin Baris"]
[Black "Caglar, Ahmet Ata"]
[Result "1/2-1/2"]
[WhiteElo "2314"]
[BlackElo "2076"]
[Annotator "NA"]
[PlyCount "105"]
[EventDate "2018.07.25"]
[EventType "team-tourn"]
[EventCountry "TUR"]
[SourceTitle "playchess.com"]
[Source "ChessBase"]
[SourceQuality "1"]

1. d4 Nf6 2. Bg5 Ne4 3. Bf4 d5 4. e3 c5 5. Bd3 Nf6 6. c3 Nc6 7. Nd2 Bg4 8. Ngf3 e6 9. Qb1 Be7 10. O-O O-O 11. Ne5 Bh5 12. Bg5 Bg6 13. Nxg6 hxg6 14. f4 Ng4 15. Bxe7 Qxe7 16. Qe1 Rab8 17. Qg3 Nh6 18. a3 a5 19. a4 c4 20. Bc2 b5 21. e4 b4 22. Rab1 Qd6 23. h4 bxc3 24. bxc3 Rxb1 25. Bxb1 Rb8 26. Re1 Rb2 27. Nf3 Ne7 28. exd5 Nxd5 29. Ne5 Qb8 30. Be4 Nf6 31. Bc6 Qb3 32. Bb5 Nf5 33. Qf3 Nd5 34. Bxc4 Qc2 35. Bxd5 exd5 36. Nd7 Nxh4 37. Re8+ Kh7 38. Qg3 Qc1+ 39. Re1 Rxg2+ 40. Kh1 Rxg3 41. Rxc1 Rg2 42. Ne5 Ra2 43. Nxf7 Rxa4 44. Rb1 Ra2 45. Rb5 Nf5 46. Rxd5 Ng3+ 47. Kg1 Ne2+ 48. Kf1 Nxf4 49. Ng5+ Kh6 50. Nf7+ Kh7 51. Ng5+ Kh6 52. Nf7+ Kh7 53. Ng5+ 1/2-1/2

[Event "TUR-chT Superleague 2018"]
[Site "Ankara"]
[Date "2018.08.04"]
[Round "12"]
[White "Ozen, Bahadir"]
[Black "Tuncer, Tuna"]
[Result "1/2-1/2"]
[WhiteElo "2302"]
[BlackElo "2328"]
[Annotator "NA"]
[PlyCount "60"]
[EventDate "2018.07.25"]
[EventType "team-tourn"]
[EventCountry "TUR"]
[SourceTitle "playchess.com"]
[Source "ChessBase"]
[SourceQuality "1"]

1. d4 d5 2. c4 c6 3. cxd5 cxd5 4. Nc3 Nf6 5. Nf3 Nc6 6. Bf4 e6 7. e3 Bd6 8. Bxd6 Qxd6 9. Bd3 O-O 10. O-O Bd7 11. Rc1 Rac8 12. Qe2 Rfd8 13. Rfd1 Be8 14. a3 a6 15. b4 Ne7 16. Qb2 Rc7 17. Rc2 Rdc8 18. Rdc1 Nd7 19. Na4 g6 20. h3 Rxc2 21. Rxc2 Rxc2 22. Qxc2 f6 23. Nd2 Kf7 24. Nb3 b6 25. Nb2 Nb8 26. Qe2 Qc7 27. Qc2 Qd6 28. Qe2 Qc7 29. Qc2 Qd6 30. Qe2 Qc7 1/2-1/2

[Event "TUR-chT Superleague 2018"]
[Site "Ankara"]
[Date "2018.08.04"]
[Round "12"]
[White "Sari, Yasin"]
[Black "Yaran, Siar"]
[Result "1/2-1/2"]
[WhiteElo "2299"]
[BlackElo "2240"]
[Annotator "NA"]
[PlyCount "103"]
[EventDate "2018.07.25"]
[EventType "team-tourn"]
[EventCountry "TUR"]
[SourceTitle "playchess.com"]
[Source "ChessBase"]
[SourceQuality "1"]

1. e4 e5 2. Nf3 d6 3. d4 exd4 4. Nxd4 Nf6 5. Nc3 Be7 6. Bf4 O-O 7. Be2 Bd7 8. Qd2 Nc6 9. O-O-O a6 10. f3 b5 11. Nxc6 Bxc6 12. g4 b4 13. Nd5 Nxd5 14. exd5 Bb5 15. h4 Qd7 16. h5 Rfe8 17. Bd3 Bxd3 18. Qxd3 Qb5 19. Qf5 Qc4 20. Kb1 Bf8 21. g5 Re2 22. Bc1 g6 23. Qd3 Qxd3 24. Rxd3 Rae8 25. hxg6 hxg6 26. a3 a5 27. axb4 axb4 28. Rb3 R8e5 29. Rxb4 Rxd5 30. b3 Rde5 31. Bb2 Re1+ 32. Rxe1 Rxe1+ 33. Ka2 Bg7 34. Rb8+ Kh7 35. Rb7 Bxb2 36. Kxb2 Re7 37. Kc3 Kg7 38. Kc4 f6 39. Kd5 Re5+ 40. Kd4 Re7 41. gxf6+ Kxf6 42. Rb8 Re2 43. c3 Rd2+ 44. Kc4 Ke7 45. Rg8 Rf2 46. Rg7+ Kd8 47. Rf7 g5 48. Rf5 Kd7 49. b4 Ke6 50. Rxg5 Rxf3 51. b5 Kd7 52. Rg7+ 1/2-1/2

[Event "TUR-chT Superleague 2018"]
[Site "Ankara"]
[Date "2018.08.04"]
[Round "12"]
[White "Tasdogen, Dincer"]
[Black "Shevchenko, Kirill"]
[Result "1/2-1/2"]
[WhiteElo "2280"]
[BlackElo "2554"]
[Annotator "TA"]
[PlyCount "79"]
[EventDate "2018.07.25"]
[EventType "team-tourn"]
[EventCountry "TUR"]
[SourceTitle "playchess.com"]
[Source "ChessBase"]
[SourceQuality "1"]

1. e4 c5 2. Ne2 Nf6 3. Nbc3 d6 4. g3 Nc6 5. Bg2 g6 6. O-O Bg7 7. d3 O-O 8. h3 Rb8 9. f4 Nd7 10. g4 b5 11. Nd5 e6 12. Ne3 Nd4 13. Ng3 b4 14. Kh2 Nb6 15. a4 a5 16. c3 Nc6 17. e5 Ne7 18. d4 cxd4 19. cxd4 dxe5 20. fxe5 f6 21. exf6 Bxf6 22. Ne4 Bg7 23. Rxf8+ Qxf8 24. g5 Bb7 25. Nf6+ Bxf6 26. gxf6 Nf5 27. Nxf5 exf5 28. Bf4 Bxg2 29. Bxb8 Nd5 30. Qb3 Be4 31. Bf4 Qxf6 32. Qc4 Qh4 33. Rf1 Kf7 34. Qc8 Nxf4 35. Qc7+ Ke6 36. Qc8+ Ke7 37. Qc7+ Ke6 38. Qc8+ Ke7 39. Qc7+ Ke6 40. Qc8+ 1/2-1/2

[Event "TUR-chT Superleague 2018"]
[Site "Ankara"]
[Date "2018.08.04"]
[Round "12"]
[White "Eren, Ataberk"]
[Black "Gulden, Egemen"]
[Result "1-0"]
[WhiteElo "2193"]
[BlackElo "2003"]
[Annotator "NA"]
[PlyCount "144"]
[EventDate "2018.07.25"]
[EventType "team-tourn"]
[EventCountry "TUR"]
[SourceTitle "playchess.com"]
[Source "ChessBase"]
[SourceQuality "1"]

1. e4 c5 2. Nf3 d6 3. d4 cxd4 4. Nxd4 Nf6 5. Nc3 a6 6. h3 e5 7. Nde2 h5 8. g3 Nbd7 9. Bg2 b5 10. O-O Bb7 11. Nd5 Nxd5 12. exd5 Be7 13. a4 g6 14. Be3 h4 15. axb5 hxg3 16. fxg3 axb5 17. Qd3 O-O 18. Qxb5 Qc7 19. Nc3 f5 20. Qe2 Nb6 21. Nb5 Qc4 22. Qxc4 Nxc4 23. Bh6 Rfc8 24. b3 Kh7 25. Rxa8 Rxa8 26. Bc1 Nb6 27. c4 Ra2 28. g4 Bc8 29. Ba3 fxg4 30. hxg4 Bg5 31. Bxd6 e4 32. Bxe4 Be3+ 33. Kh1 Bxg4 34. Bg2 Nd7 35. Nc3 Rb2 36. Nd1 Bxd1 37. Rxd1 Rxb3 38. Bf1 Rc3 39. Rd3 Rxd3 40. Bxd3 Kg7 41. Kg2 Kf6 42. Kf3 Bg1 43. Bf1 Ba7 44. Ke4 Nc5+ 45. Kf4 g5+ 46. Kf3 Nb7 47. Bc7 Bc5 48. Bg3 Nd6 49. Bd3 Nf7 50. Be2 Kf5 51. Bd3+ Kf6 52. Bf1 Nd6 53. Be1 Ke5 54. Bc3+ Bd4 55. Bb4 Ne4 56. Ke2 Bc5 57. Be1 Bd4 58. Bg2 Bc5 59. Kd3 Nf2+ 60. Kc2 g4 61. Kb3 Kd6 62. Ka4 Bd4 63. Kb5 g3 64. Bb4+ Ke5 65. d6 Ke6 66. c5 Nd3 67. Bh3+ Kd5 68. Bg2+ Ke6 69. c6 Nxb4 70. c7 Kd7 71. Bh3+ Kxd6 72. c8=Q Kd5 1-0

[Event "TUR-chT Superleague 2018"]
[Site "Ankara"]
[Date "2018.08.04"]
[Round "12"]
[White "Isik, Alparslan"]
[Black "Can, Isik"]
[Result "0-1"]
[WhiteElo "2187"]
[BlackElo "2377"]
[Annotator "NA"]
[PlyCount "66"]
[EventDate "2018.07.25"]
[EventType "team-tourn"]
[EventCountry "TUR"]
[SourceTitle "playchess.com"]
[Source "ChessBase"]
[SourceQuality "1"]

1. d4 Nf6 2. c4 e6 3. Nf3 c5 4. d5 b5 5. dxe6 fxe6 6. cxb5 a6 7. bxa6 Bxa6 8. g3 Nc6 9. Bg2 d5 10. O-O Be7 11. Bf4 O-O 12. Nc3 Qe8 13. Re1 d4 14. Na4 Nd5 15. Bg5 Rd8 16. Bxe7 Qxe7 17. Nd2 d3 18. exd3 Bxd3 19. Qb3 Ncb4 20. Rac1 Qf6 21. f4 Qd4+ 22. Kh1 Bc2 23. Rxc2 Nxc2 24. Qxc2 Nb4 25. Qe4 Qxd2 26. Nxc5 Nc2 27. Rg1 Ne3 28. Qxe6+ Kh8 29. Ne4 Qxb2 30. Ng5 Nxg2 31. Qe4 g6 32. Qxg2 Rd2 33. Qh3 Qb7+ 0-1

[Event "TUR-chT Superleague 2018"]
[Site "Ankara"]
[Date "2018.08.04"]
[Round "12"]
[White "Tarlabasi, Emirhan"]
[Black "Uzumcu, Ahmet Utku"]
[Result "1/2-1/2"]
[WhiteElo "2174"]
[BlackElo "2231"]
[Annotator "NA"]
[PlyCount "141"]
[EventDate "2018.07.25"]
[EventType "team-tourn"]
[EventCountry "TUR"]
[SourceTitle "playchess.com"]
[Source "ChessBase"]
[SourceQuality "1"]

1. d4 Nf6 2. c4 g6 3. Nc3 d5 4. cxd5 Nxd5 5. e4 Nxc3 6. bxc3 Bg7 7. Bb5+ Nd7 8. Ne2 c5 9. O-O O-O 10. Be3 a6 11. Bd3 e5 12. Rc1 exd4 13. cxd4 cxd4 14. Nxd4 Re8 15. f3 Ne5 16. Be2 Bd7 17. Qb3 Rb8 18. Rfd1 Qa5 19. Qb1 Qa3 20. Nb3 b6 21. Bd4 Bb5 22. Bxb5 axb5 23. Qa1 g5 24. Rc2 Ra8 25. Qc3 h6 26. Qe1 Rac8 27. Re2 Rc6 28. Kh1 Rec8 29. Qf2 Qa4 30. h3 Rd8 31. Red2 Nc4 32. Rd3 Rcd6 33. Qe2 Bxd4 34. Rxd4 Qa3 35. Rxd6 Rxd6 36. Rxd6 Qxd6 37. Qf2 Qd3 38. Kh2 Ne3 39. h4 g4 40. e5 Kf8 41. h5 b4 42. Kg3 Qc3 43. fxg4 Qxe5+ 44. Kh3 Nd5 45. Qg3 Qxg3+ 46. Kxg3 Nc3 47. Nc1 Kg7 48. Kf3 Kf6 49. Kf4 Nd5+ 50. Ke4 Nc3+ 51. Kf4 b5 52. g3 Nd5+ 53. Ke4 Ke6 54. Nb3 Nc3+ 55. Kf4 Nxa2 56. g5 hxg5+ 57. Kxg5 Nc3 58. Nc5+ Ke7 59. h6 Kf8 60. Nb3 Kg8 61. Kf6 Ne4+ 62. Ke7 f5 63. Ke6 Nxg3 64. Ke5 Kh7 65. Kf4 Kxh6 66. Kxg3 Kg5 67. Kf3 Kf6 68. Nd4 Ke5 69. Nc6+ Kd5 70. Nxb4+ Kc4 71. Na6 1/2-1/2